MARC

LEADER 00000nam0a2200000 4500
001 90910
005 20231031103752.0
020 |a RU  |b 86-3851 
035 |a (RuTPU)RU\TPU\book\97479 
090 |a 90910 
100 |a 20060216d1985 m a0rusy5003 ca 
101 0 |a rus 
102 |a RU 
105 |a y j 001zy 
200 1 |a Фармацевтическая химия  |e учебник для фармацевтических ин-тов  |f В. Г. Беликов 
210 |a Москва  |c Высшая школа  |d 1985 
215 |a 768 с.  |d 25 см 
610 1 |a фармацевтическая химия 
610 1 |a развитие 
610 1 |a лекарственные вещества 
610 1 |a получение 
610 1 |a фармацевтическое сырье 
610 1 |a качество 
610 1 |a хранение 
610 1 |a спирты 
610 1 |a гетероциклические соединения 
610 1 |a природные соединения 
610 1 |a витамины 
610 1 |a антибиотики 
675 |a 615.4(075.8)  |z rus 
700 1 |a Беликов  |b В. Г.  |g Владимир Георгиевич  |4 070 
801 0 |a RU  |b RuMRKP  |c 19950704  |g psbo 
801 1 |a RU  |b 63413507  |c 20060216  |g PSBO 
801 2 |a RU  |b 63413507  |c 20130703  |g PSBO 
900 |a Химическая технология биологически активных веществ 
900 |a Теоретические основы и прикладные аспекты биофармации 
942 |c BK